000 00637nam a22002177a 4500
003 UA-OsUOA
001 82992
007 ta
008 20120327b un ||||| |||| 00| 0 ukr d
100 _aГараздюк О.
090 _a82
_bГ20
942 _cSA
040 _aUA-OsUOA
_bukr
_cUA-OsUOA
_dUA-OsUOA
245 _aТема жіночої долі у творчості Т. Шевченка. Поема "Наймичка" (Урок у 9 класі)
300 _aС.20-23
955 _a0
041 _aukr
080 _a82
773 0 _w82989
650 7 _a82 Література. Літературознавство
_2UDC
999 _c369328
_d369328